00000000nam 2200000za 4500
0019.843525
003CaOODSP
00520221107152536
007cr |||||||||||
008171106q1983    xxc    |o    f|0| 0 eng d
040 |aCaOODSP|beng
043 |an-cn---
0861 |aNH15-647/1983E-PDF
1001 |aMagid, Howard.
24510|aHousing and human settlement issues in sparsely populated areas of the world as related to the development of housing policies for the native people of Canada |h[electronic resource] / |cby Howard Magid.
260 |a[Ottawa] : |bCanada Mortgage and Housing Corporation, |c[1983?]
300 |a12 p.
500 |aDigitized edition from print produced 2015 [for Canada Mortgage and Housing Corporation].
520 |a"This paper focuses on some of the fundamental concerns facing development projects and human settlements in harsh climates. While attempting to define a philosophy of development, considerable attention has been paid to the contextual framework and the institutional process. The latter part of this report describes housing as a part of the social contract, a right and a cultural entity"--Introd.
69207|2gccst|aHousing
69207|2gccst|aAboriginal peoples
7102 |aCanada Mortgage and Housing Corporation.
85640|qPDF|s313 KB|uhttps://publications.gc.ca/collections/collection_2017/schl-cmhc/nh15/NH15-647-1983-eng.pdf